The mine electrical fitter / (Record no. 8539)
[ view plain ]
| 000 -LEADER | |
|---|---|
| fixed length control field | 00947cam a2200289 4500 |
| 001 - CONTROL NUMBER | |
| JCCL Control Number | 8539 |
| 003 - CONTROL NUMBER IDENTIFIER | |
| JCCL marc code | BD-JhCC |
| 005 - DATE AND TIME OF LATEST TRANSACTION | |
| control field | 20180919122106.0 |
| 008 - FIXED-LENGTH DATA ELEMENTS--GENERAL INFORMATION | |
| fixed length control field | 700123s1965 ru a 001 0 eng |
| 035 ## - SYSTEM CONTROL NUMBER | |
| system control number | (BD-JhCC)8539 |
| 040 ## - CATALOGING SOURCE | |
| Original cataloging agency | DLC |
| Transcribing agency | DLC |
| Modifying agency | DLC |
| 041 1# - LANGUAGE CODE | |
| Language code of Book | engrus |
| 050 00 - LIBRARY OF CONGRESS CALL NUMBER | |
| Classification number | TN343 |
| Item number | .M4813 |
| 082 00 - DEWEY DECIMAL CLASSIFICATION NUMBER | |
| Classification number | 622/.2/028 |
| Author mark and Year | MIK 1965 |
| 100 1# - MAIN ENTRY--PERSONAL NAME | |
| Personal name | Mikheev, I︠U︡riĭ Aleksandrovich. |
| 240 10 - UNIFORM TITLE | |
| Uniform title | Ėlektroslesarʹ uchastka shakhty |
| 245 14 - TITLE STATEMENT | |
| Title | The mine electrical fitter / |
| Statement of responsibility, etc | by Y. Mikheyev and I. Faibisovich. Translated from the Russian by J. Feinberg. Edited by B. Kuznetsov. |
| 260 ## - PUBLICATION, DISTRIBUTION, ETC. (IMPRINT) | |
| Place of publication, distribution, etc | Moscow, |
| Name of publisher, distributor, etc | Peace Publishers |
| Date of publication, distribution, etc | [1965] |
| 300 ## - PHYSICAL DESCRIPTION | |
| Pagination | 488 p. |
| Other physical details | illus. |
| Dimensions | 22 cm. |
| 500 ## - GENERAL NOTE | |
| General note | Added t.p. in Russian. |
| 500 ## - GENERAL NOTE | |
| General note | Translation of Ėlektroslesarʹ uchastka shakhty. |
| 650 #0 - SUBJECT ADDED ENTRY--TOPICAL TERM | |
| Topical term or geographic name as entry element | Electricity in mining. |
| 650 #0 - SUBJECT ADDED ENTRY--TOPICAL TERM | |
| Topical term or geographic name as entry element | Coal-mining machinery. |
| 700 1# - ADDED ENTRY--PERSONAL NAME | |
| Personal name | Faǐbisovich, I. L., |
| 942 ## - ADDED ENTRY ELEMENTS (KOHA) | |
| Source of classification or shelving scheme | Dewey Decimal Classification |
| Koha item type | Books |
| Source of classification or shelving scheme | Damaged status | Not for loan | Home library | Current library | Shelving location | Date of accession | Total Checkouts | Full call number | Barcode | Date last seen | Copy number | Koha item type |
|---|---|---|---|---|---|---|---|---|---|---|---|---|
| Dewey Decimal Classification | JCC Rouf Library | JCC Rouf Library | General Stacks | 02/27/2018 | 622/.2/028 MIK 1965 | 11130 | 02/27/2018 | C-1 | Books |